[Event "World Rapid 2018"]
[Site "St Petersburg RUS"]
[Date "2018.12.26"]
[Round "4.71"]
[White "Kovalev, Vladislav"]
[Black "Drygalov, Andrey"]
[Result "1-0"]
[WhiteTitle "GM"]
[BlackTitle "IM"]
[WhiteElo "2683"]
[BlackElo "2481"]
[WhiteFideId "13504398"]
[BlackFideId "24171735"]
[EventDate "2018.12.26"]

1. e4 c5 2. Nf3 e6 3. d4 cxd4 4. Nxd4 Nc6 5. Nc3 Qc7 6. Be2 a6 7. O-O Nf6 8. Be3
Be7 9. f4 d6 10. a4 O-O 11. Qd2 Bd7 12. Nb3 b6 13. g4 d5 14. e5 Ne8 15. Nd4 Bc5
16. Nxc6 Bxc6 17. Bd4 Bb7 18. Rfd1 f6 19. Qe3 fxe5 20. fxe5 Rc8 21. h3 Qe7 22.
Rd2 g5 23. Rf1 Rxf1+ 24. Bxf1 Ng7 25. Bd3 Bxd4 26. Qxd4 Qc5 27. Ne2 Rf8 28. Rd1
Rf3 29. Kg2 Qf8 30. Ng3 Rf4 31. Qxb6 Rb4 32. Qc7 d4+ 33. Ne4 Ne8 34. Qd8 Ng7 35.
Qxg5 Rxb2 36. Rf1 Qc8 37. Qf4 Qe8 38. Kg3 Bxe4 39. Qxe4 Qg6 40. Qxd4 Qg5 41. Qe4
Nf5+ 42. Kh2 Qd2+ 43. Kg1 Qe3+ 44. Qxe3 Nxe3 45. Rf6 Rb6 46. Kf2 Nd5 47. Rh6 Nf4
48. Ke3 Rb4 49. a5 Nd5+ 50. Kd2 Nf4 51. Bxh7+ Kg7 52. g5 Rb5 53. h4 Rxa5 54. Ke3
Nd5+ 55. Kd4 Ra4+ 56. c4 Nf4 57. Be4 Ra1 58. Rh7+ Kg8 59. Ra7 Ne2+ 60. Ke3 Ng3
61. Bh7+ Kh8 62. Bd3 Ra3 63. Kd4 Kg8 64. g6 a5 65. Ra8+ Kg7 66. Ra7+ Kg8 67. c5
Ra4+ 68. Ke3 Ra3 69. Kd4 Ra4+ 70. Kc3 Ra3+ 71. Kc2 Ra2+ 72. Kb3 Rd2 73. Bc4 a4+
74. Ka3 1-0

[Event "World Rapid 2018"]
[Site "St Petersburg RUS"]
[Date "2018.12.26"]
[Round "4.72"]
[White "Yuffa, Daniil"]
[Black "Dzhumagaliev, Yan"]
[Result "1-0"]
[WhiteTitle "GM"]
[BlackTitle "FM"]
[WhiteElo "2572"]
[BlackElo "2410"]
[WhiteFideId "24131423"]
[BlackFideId "24100110"]
[EventDate "2018.12.26"]

1. d4 Nf6 2. c4 e6 3. g3 Bb4+ 4. Bd2 Qe7 5. Bg2 Nc6 6. e3 d5 7. a3 Bxd2+ 8. Nxd2
O-O 9. Ne2 Na5 10. cxd5 exd5 11. Nf4 c5 12. dxc5 d4 13. e4 Nc6 14. b4 a5 15. O-O
Be6 16. Nxe6 fxe6 17. Qb3 Kh8 18. Nc4 axb4 19. axb4 Rxa1 20. Rxa1 Ng4 21. h3 Nf6
22. b5 Nd8 23. e5 Nd5 24. Nd6 Nc3 25. Qc4 Nf7 26. Re1 Nxd6 27. cxd6 Qd7 28. Qxd4
Nxb5 29. Qb6 Nc3 30. Qxb7 Qa4 31. Qe7 Rg8 32. Qxe6 Qd4 33. Qg4 Qd2 34. Ra1 Rf8
35. Qf3 Rg8 36. Kh2 h6 37. Ra8 Qd4 38. Rxg8+ Kxg8 39. d7 1-0

[Event "World Rapid 2018"]
[Site "St Petersburg RUS"]
[Date "2018.12.26"]
[Round "4.73"]
[White "Maghsoodloo, Parham"]
[Black "Zvjaginsev, Vadim"]
[Result "1-0"]
[WhiteTitle "GM"]
[BlackTitle "GM"]
[WhiteElo "2688"]
[BlackElo "2642"]
[WhiteFideId "12539929"]
[BlackFideId "4113403"]
[EventDate "2018.12.26"]

1. e4 c5 2. Nf3 Nc6 3. Bb5 g6 4. O-O Bg7 5. Re1 e5 6. Bxc6 bxc6 7. c3 Ne7 8. d4
cxd4 9. cxd4 exd4 10. Nxd4 O-O 11. Nc3 Rb8 12. Nb3 d5 13. Bg5 d4 14. Na4 h6 15.
Bh4 Be6 16. Nac5 Bxb3 17. axb3 Rb5 18. Nd3 a5 19. Qc2 Re8 20. Bxe7 Rxe7 21. b4
axb4 22. Qxc6 Rb8 23. Rec1 b3 24. f3 Re8 25. Qc4 Qg5 26. f4 Qg4 27. Ra7 Rf8 28.
Re1 h5 29. e5 Rb6 30. Qxd4 Rbb8 31. Qc4 h4 32. h3 Qf5 33. Rc7 Rfd8 34. Re3 Rb6
35. Re4 Bf8 36. Kh2 Qe6 37. Qxe6 fxe6 38. Rc3 Rb5 39. g3 Rbd5 40. Re3 Bc5 41.
Rf3 Bd4 42. Rxb3 g5 43. fxg5 Bxe5 44. Nxe5 hxg3+ 45. Kxg3 Rxe5 46. h4 Re4 47.
Rfe3 Rc4 48. Rbd3 Rf8 49. b3 Rb4 50. Rf3 1-0

[Event "World Rapid 2018"]
[Site "St Petersburg RUS"]
[Date "2018.12.26"]
[Round "4.74"]
[White "Teske, Henrik"]
[Black "Carlsson, Pontus"]
[Result "1-0"]
[WhiteTitle "GM"]
[BlackTitle "GM"]
[WhiteElo "2483"]
[BlackElo "2463"]
[WhiteFideId "4611500"]
[BlackFideId "1705814"]
[EventDate "2018.12.26"]

1. e4 c5 2. Nf3 d6 3. Nc3 a6 4. e5 d5 5. d4 e6 6. Be3 b6 7. Ne2 Ne7 8. c3 Nf5 9.
Nf4 Nc6 10. Bd3 c4 11. Bc2 b5 12. a3 Be7 13. h4 h5 14. Bd2 g6 15. Qe2 a5 16.
Bxf5 exf5 17. e6 Bxe6 18. Nxe6 fxe6 19. Qxe6 Qd6 20. Qe2 Kd7 21. O-O Bf6 22. g3
Rhe8 23. Qd1 Re4 24. Kg2 Rae8 25. Bf4 Rxf4 26. gxf4 Qxf4 27. Rh1 Qg4+ 28. Kf1 a4
29. Ng1 Qe4 30. Qf3 Na5 31. Rd1 Nb3 32. Rh3 Re6 33. Ne2 Bd8 34. Nf4 Rd6 35. Qxe4
fxe4 36. Ke2 Ke7 37. Rg1 Kf7 38. Rhg3 Bxh4 39. Rxg6 Rxg6 40. Nxg6 Nc1+ 41. Ke3
Bf6 42. Nf4 Nd3 43. Nxd5 Nxb2 44. Kxe4 Nd3 45. Ke3 Bd8 46. Rb1 h4 47. Rxb5 h3
48. Rb7+ Kg6 49. Kf3 h2 50. Kg2 Nxf2 51. Kxh2 Ne4 52. Kg2 Ba5 53. Ra7 Bxc3 54.
Rxa4 Bb2 55. Kf3 Nd2+ 56. Ke2 c3 57. Ne3 Nb3 58. d5 Kf6 59. Ra8 Ke5 60. Kd3 Nc5+
61. Kc2 Ba1 62. Ra5 Nb7 63. Rb5 Nd6 64. Rb4 Bb2 65. a4 Ba3 66. Nc4+ Nxc4 67.
Rxc4 Kxd5 68. Kxc3 Bc5 69. a5 Ba7 70. a6 Bb6 71. Kb4 Kd6 72. Kb5 Ba7 73. Rc1 Kd7
74. Rc2 Be3 75. Kc4 Bb6 76. Kd5 Be3 77. Rb2 Kc7 78. Rb7+ Kc8 79. Kc6 1-0

[Event "World Rapid 2018"]
[Site "St Petersburg RUS"]
[Date "2018.12.26"]
[Round "4.76"]
[White "Gasanov, Eldar"]
[Black "Kazhgaleyev, Murtas"]
[Result "1-0"]
[WhiteTitle "GM"]
[BlackTitle "GM"]
[WhiteElo "2499"]
[BlackElo "2587"]
[WhiteFideId "14104466"]
[BlackFideId "13700316"]
[EventDate "2018.12.26"]

1. Nf3 Nf6 2. c4 e6 3. Nc3 d5 4. e3 c5 5. d4 cxd4 6. exd4 Bb4 7. cxd5 Nxd5 8.
Bd2 Nc6 9. Bd3 Be7 10. O-O O-O 11. Qe2 Bf6 12. Qe4 g6 13. Bh6 Re8 14. Rad1 Ncb4
15. Bc4 Bd7 16. Ne5 Bc6 17. Nxc6 bxc6 18. Qf3 Bg7 19. Bxg7 Kxg7 20. Ne4 Nb6 21.
Bb3 a5 22. a3 N4d5 23. Rc1 Rc8 24. Rfd1 Rc7 25. Rc2 Qe7 26. Rdc1 Rec8 27. Qg3
Nf6 28. Nd6 Rd8 29. Rxc6 Rcd7 30. Nxf7 Qxf7 31. Rxb6 Rxd4 32. h3 Nh5 33. Qe5+
Kh6 34. Rxe6 Qf4 35. Qxf4+ Nxf4 36. Re7 Rb8 37. Rc3 a4 38. Rc4 Rxc4 39. Bxc4
Rxb2 40. Bg8 Kg5 41. Rxh7 Ne2+ 42. Kh2 Nd4 43. Rf7 Nf5 44. Ra7 Rxf2 45. Rxa4 Ne3
46. Kg3 Rc2 47. Kf3 Nf5 48. Rg4+ Kh5 49. a4 Nh4+ 50. Ke4 Nxg2 51. a5 Nh4 52. Kd3
Rh2 53. Ra4 Rxh3+ 54. Ke2 Rh2+ 55. Kf1 Nf3 56. Bd5 Ne5 57. a6 Rd2 58. a7 1-0

[Event "World Rapid 2018"]
[Site "St Petersburg RUS"]
[Date "2018.12.26"]
[Round "4.77"]
[White "Yilmaz, Mustafa"]
[Black "Al-Sayed, Mohammed"]
[Result "0-1"]
[WhiteTitle "GM"]
[BlackTitle "GM"]
[WhiteElo "2636"]
[BlackElo "2484"]
[WhiteFideId "6302718"]
[BlackFideId "12100196"]
[EventDate "2018.12.26"]

1. d4 d5 2. c4 c6 3. Nf3 Nf6 4. e3 Bf5 5. Nc3 e6 6. Nh4 Bg6 7. Be2 Nbd7 8. g3
Be7 9. O-O dxc4 10. Nxg6 hxg6 11. Bxc4 Qa5 12. e4 Rd8 13. Be2 b5 14. e5 Nxe5 15.
Bf4 Ned7 16. Rc1 O-O 17. Bf3 Rc8 18. Re1 Rfd8 19. a3 Nb6 20. Qb3 Rxd4 21. Ne2
Rdd8 22. Bg5 Nc4 23. Kg2 Nd5 24. Bxe7 Nxe7 25. Nf4 Nf5 26. Bg4 Rd2 27. Qf3 Rxb2
28. a4 Qxa4 29. Bxf5 gxf5 30. Nh5 Qb4 31. Rcd1 Nd2 32. Qd3 Ne4 33. Re2 Rxe2 34.
Qxe2 g6 35. Nf4 Nc3 36. Qd2 Qe4+ 37. f3 Qc4 38. Rc1 b4 39. Qd7 Rf8 40. h4 e5 41.
Nd3 e4 42. fxe4 Qxe4+ 43. Kh3 Qg4+ 44. Kh2 Ne2 0-1

[Event "World Rapid 2018"]
[Site "St Petersburg RUS"]
[Date "2018.12.26"]
[Round "4.78"]
[White "Zablotsky, Sergei"]
[Black "Tissir, Mohamed"]
[Result "0-1"]
[WhiteTitle "GM"]
[BlackTitle "IM"]
[WhiteElo "2511"]
[BlackElo "2387"]
[WhiteFideId "4131606"]
[BlackFideId "9000240"]
[EventDate "2018.12.26"]

1. d4 e6 2. c4 c5 3. d5 exd5 4. cxd5 d6 5. e4 Ne7 6. Nc3 Ng6 7. f4 Be7 8. Nf3
O-O 9. g3 Bf6 10. Bg2 Re8 11. O-O a6 12. a4 Nd7 13. h4 h6 14. h5 Ngf8 15. Re1
Bxc3 16. bxc3 Nf6 17. Nh2 Qa5 18. Bd2 c4 19. Qf3 N8d7 20. g4 Nh7 21. Qf1 Qc7 22.
a5 Nc5 23. Qxc4 Bd7 24. e5 Bb5 25. exd6 Qxd6 26. Qb4 Qc7 27. Rxe8+ Rxe8 28. Bf3
Nf6 29. Rd1 Be2 30. Bxe2 Rxe2 31. Qb6 Qxb6 32. axb6 Nxd5 33. Nf3 Ne4 34. Be1 0-1

[Event "World Rapid 2018"]
[Site "St Petersburg RUS"]
[Date "2018.12.26"]
[Round "4.79"]
[White "Golubov, Saveliy"]
[Black "Bilguun, Sumiya"]
[Result "1/2-1/2"]
[WhiteTitle "IM"]
[BlackTitle "IM"]
[WhiteElo "2482"]
[BlackElo "2497"]
[WhiteFideId "24176729"]
[BlackFideId "4901541"]
[EventDate "2018.12.26"]

1. d4 d5 2. Bf4 Nf6 3. e3 e6 4. Nd2 a6 5. Bd3 c5 6. c3 Nc6 7. Ngf3 Bd6 8. Bg3
O-O 9. Qe2 Re8 10. Ne5 Qc7 11. f4 Ne7 12. Bf2 b5 13. Qf3 Bb7 14. g4 b4 15. g5
Ne4 16. Nxe4 dxe4 17. Bxe4 Bxe4 18. Qxe4 bxc3 19. bxc3 cxd4 20. cxd4 Bxe5 21.
Qxe5 Qc3+ 22. Ke2 Rab8 23. Kf3 Rb2 24. Rhf1 Qd2 25. Kg2 Nf5 26. Kh1 Qe2 27. Qe4
Rxa2 28. Rxa2 Qxa2 29. Kg1 h6 30. Qc6 Rf8 31. e4 Ne7 32. Qc7 Qa3 33. d5 Rc8 34.
Qd7 exd5 35. exd5 Rc1 36. gxh6 Rxf1+ 37. Kxf1 Qd3+ 38. Ke1 Qe4+ 39. Kf1 Nxd5 40.
Qd8+ Kh7 41. hxg7 Qd3+ 42. Ke1 Qc3+ 43. Kf1 Qd3+ 44. Ke1 Qc3+ 45. Kf1 Qd3+ 1/2-1/2

[Event "World Rapid 2018"]
[Site "St Petersburg RUS"]
[Date "2018.12.26"]
[Round "4.80"]
[White "Tsoi, Dmitry"]
[Black "Potapov, Pavel"]
[Result "0-1"]
[WhiteTitle "FM"]
[BlackTitle "GM"]
[WhiteElo "2424"]
[BlackElo "2516"]
[WhiteFideId "24194697"]
[BlackFideId "4169786"]
[EventDate "2018.12.26"]

1. Nf3 f5 2. d3 d6 3. e4 e5 4. Nbd2 Nf6 5. Be2 Be7 6. O-O O-O 7. c3 Kh8 8. b4 a5
9. Bb2 Qe8 10. a3 Nc6 11. Qc2 fxe4 12. dxe4 Nd8 13. Rfe1 Bg4 14. h3 Bh5 15. Nf1
Ne6 16. Ng3 Nf4 17. Rad1 Bg6 18. Bc1 N6h5 19. Nxh5 Bxh5 20. Bxf4 Rxf4 21. Nd2
Bg6 22. Bf3 Qf7 23. Re3 d5 24. Qb3 axb4 25. cxb4 d4 26. Qxf7 Bxf7 27. Rd3 b6 28.
Rc1 c5 29. bxc5 Bxc5 30. Nc4 Re8 31. g3 Rf6 32. Bd1 g6 33. Nd2 Ra8 34. a4 Bb4
35. Nf3 Re8 36. Bb3 Bxb3 37. Rxb3 Bc3 38. Ne1 Ra8 39. Nd3 Re6 40. Rcb1 Ra6 41.
Rb5 Rd6 42. Rxe5 Rxa4 43. Re8+ Kg7 44. Re7+ Kg8 45. Kg2 Ra2 46. e5 Rc6 47. Kf3
Ra5 48. Ke4 b5 49. f4 b4 50. g4 Rb6 51. f5 b3 52. e6 b2 53. Nf4 Rb8 54. Nd5 Rf8
55. f6 Ra1 56. Rg7+ Kh8 57. e7 Re8 58. Kd3 Rxb1 59. f7 Rd1+ 60. Kc4 Rc8+ 61. Nc7
Kxg7 62. f8=Q+ Rxf8 63. Ne6+ Kf6 64. exf8=Q+ Kxe6 65. Qe8+ Kf6 66. Kd5 Kg5 67.
Qe7+ Kf4 68. Qe4+ Kg3 69. Qe5+ Kf3 70. Qe4+ Kg3 71. Qe5+ Kxh3 72. Qe4 b1=Q 73.
Qf3+ Kh4 74. Qf2+ Kg5 0-1

[Event "World Rapid 2018"]
[Site "St Petersburg RUS"]
[Date "2018.12.26"]
[Round "4.81"]
[White "Borisenko, Viacheslav"]
[Black "Popov, Valerij"]
[Result "0-1"]
[WhiteTitle "IM"]
[BlackTitle "GM"]
[WhiteElo "2289"]
[BlackElo "2532"]
[WhiteFideId "14115824"]
[BlackFideId "4119410"]
[EventDate "2018.12.26"]

1. e4 e6 2. d4 d5 3. Nc3 Bb4 4. e5 Ne7 5. Nf3 b6 6. Bd2 O-O 7. Bd3 h6 8. Ne2
Bxd2+ 9. Qxd2 c5 10. c3 Ba6 11. Bxa6 Nxa6 12. h4 Rc8 13. Nf4 b5 14. Nh5 b4 15.
Rh3 bxc3 16. bxc3 cxd4 17. Rg3 Ng6 18. cxd4 Qc7 19. Nxg7 Kxg7 20. h5 Qc3 21. Rd1
Qxd2+ 22. Rxd2 Kh7 23. hxg6+ fxg6 24. Nh4 g5 25. Ra3 Rc1+ 26. Ke2 Nc7 27. Nf3
Rb8 28. Rxa7 Rbb1 29. a4 Kg6 30. g4 h5 31. gxh5+ Kxh5 32. Ra2 Rc3 33. Ra5 Rbc1
34. Ne1 Rc4 35. Nd3 Rb1 36. Rc5 Na6 37. Rxc4 dxc4 38. Nc5 Nb4 39. Ra3 Rb2+ 40.
Kf1 Nd5 41. a5 c3 42. Ke1 Rb1+ 43. Ke2 Nf4+ 44. Ke3 c2 45. Rc3 c1=Q+ 46. Rxc1
Rxc1 47. a6 Kg4 48. Nxe6 Nxe6 49. d5 Kf5 0-1

[Event "World Rapid 2018"]
[Site "St Petersburg RUS"]
[Date "2018.12.26"]
[Round "4.82"]
[White "Vaisser, Anatoli"]
[Black "Anikonov, Dmitry"]
[Result "0-1"]
[WhiteTitle "GM"]
[BlackTitle "FM"]
[WhiteElo "2505"]
[BlackElo "2371"]
[WhiteFideId "603252"]
[BlackFideId "24178012"]
[EventDate "2018.12.26"]

1. d4 e6 2. c4 d5 3. Nc3 a6 4. cxd5 exd5 5. Bf4 Nf6 6. e3 Bd6 7. Bxd6 Qxd6 8.
Bd3 O-O 9. Nge2 Bg4 10. f3 Bh5 11. O-O Re8 12. Qd2 c5 13. dxc5 Qxc5 14. Nd4 Nc6
15. Nce2 Qb4 16. Qc1 Rac8 17. Nc2 Qb6 18. Qd2 Ne5 19. Ncd4 Bg6 20. Bxg6 Nc4 21.
Bxh7+ Nxh7 22. Qe1 Nxe3 23. Rf2 Nc2 24. Nxc2 Rxc2 25. Kf1 Qxb2 26. Rc1 Rexe2 27.
Rxe2 Qxc1 0-1

[Event "World Rapid 2018"]
[Site "St Petersburg RUS"]
[Date "2018.12.26"]
[Round "4.84"]
[White "Anisimov, Pavel2"]
[Black "Kabanov, Nikolai"]
[Result "1-0"]
[WhiteTitle "IM"]
[BlackTitle "GM"]
[WhiteElo "2533"]
[BlackElo "2450"]
[WhiteFideId "4135229"]
[BlackFideId "4127820"]
[EventDate "2018.12.26"]

1. d4 d6 2. Nf3 Nf6 3. Bf4 g6 4. h3 Bg7 5. e3 O-O 6. Be2 c5 7. c3 cxd4 8. exd4
b6 9. O-O Bb7 10. a4 Nc6 11. Na3 Nd5 12. Bh2 e5 13. Bc4 Nf4 14. Bxf4 exf4 15.
Bd5 Qd7 16. Re1 Ne7 17. Bxb7 Qxb7 18. Qd2 Bh6 19. Re2 Nf5 20. Rae1 Qd7 21. Qc2
Rfe8 22. Rxe8+ Rxe8 23. Rxe8+ Qxe8 24. Nc4 Qe6 25. Qd3 Qd7 26. b3 b5 27. axb5
Qxb5 28. Qc2 Qa6 29. Kh2 Bf8 30. Ncd2 Qe2 31. Kg1 d5 32. Qb1 Nd6 33. Qf1 Qe7 34.
c4 Qb7 35. Qd3 dxc4 36. bxc4 a5 37. c5 Nf5 38. Qc4 Ne7 39. Ne5 Qd5 40. Qa4 Kg7
41. Ndf3 f6 42. Nc4 g5 43. Nxa5 h5 44. Qc4 Qa8 45. Nb3 g4 46. hxg4 hxg4 47. Nfd2
Qc8 48. d5 Qf5 49. d6 Ng6 50. Nd4 Qe5 51. Ne6+ Kh6 52. d7 Be7 53. d8=Q Bxd8 54.
Nxd8 Qe1+ 55. Nf1 g3 56. fxg3 fxg3 57. Qd4 Kh5 58. Qe3 1-0

[Event "World Rapid 2018"]
[Site "St Petersburg RUS"]
[Date "2018.12.26"]
[Round "4.85"]
[White "Sokolin, Leonid"]
[Black "Zubritskiy, Artyom"]
[Result "1-0"]
[WhiteTitle "IM"]
[BlackTitle "IM"]
[WhiteElo "2508"]
[BlackElo "2442"]
[WhiteFideId "2009161"]
[BlackFideId "4181247"]
[EventDate "2018.12.26"]

1. e4 c5 2. Nf3 d6 3. d4 cxd4 4. Qxd4 a6 5. Nc3 Nc6 6. Qd3 g6 7. Bf4 Bg7 8. h3
Qa5 9. Be2 Nf6 10. O-O O-O 11. a3 Nd7 12. b4 Qd8 13. Rad1 Nde5 14. Qe3 Nxf3+ 15.
Bxf3 Ne5 16. Be2 Be6 17. Bxe5 Bxe5 18. f4 Bxc3 19. Qxc3 Rc8 20. Qd2 Qc7 21. f5
Bc4 22. Bd3 Bxd3 23. cxd3 Qc3 24. Qg5 Qe5 25. Rf4 Qd4+ 26. Kh1 Qe3 27. Kh2 Rc1
28. Rxc1 Qxc1 29. Qh4 Qxa3 30. Qxe7 Qxb4 31. Qg5 Qc5 32. Qh6 gxf5 33. Rxf5 1-0

[Event "World Rapid 2018"]
[Site "St Petersburg RUS"]
[Date "2018.12.26"]
[Round "4.86"]
[White "Pershin, Denis"]
[Black "Nozdrachev, Vladislav"]
[Result "1-0"]
[BlackTitle "IM"]
[WhiteElo "2400"]
[BlackElo "2486"]
[WhiteFideId "24165506"]
[BlackFideId "24113441"]
[EventDate "2018.12.26"]

1. d4 Nf6 2. Nc3 d5 3. Bf4 Bf5 4. f3 e6 5. g4 Bg6 6. h4 h6 7. e3 a6 8. Bd3 Bxd3
9. Qxd3 c5 10. Nge2 Nc6 11. O-O-O Qa5 12. Kb1 c4 13. Qd2 b5 14. a3 b4 15. axb4
Bxb4 16. g5 Nd7 17. gxh6 gxh6 18. e4 O-O-O 19. exd5 exd5 20. Bh2 Rde8 21. Qf4
Rxe2 22. Nxe2 c3 23. Nxc3 Bxc3 24. bxc3 Qb6+ 25. Kc1 Kb7 26. Qd6 Rd8 27. Kd2
Nde5 28. Qc5 Nxf3+ 29. Ke2 Qxc5 30. dxc5 Nxh2 31. Rxh2 Ne5 32. Rf2 Re8 33. Kf1
Kc6 34. Re1 Kxc5 35. Rxf7 Nxf7 36. Rxe8 a5 37. Ke2 Nd6 38. Ra8 Kb5 39. Kd3 a4
40. Kd2 Ne4+ 41. Kc1 Nxc3 42. Rh8 Kc6 43. Rxh6+ Kd7 44. Ra6 Ke7 45. Kd2 Ne4+ 46.
Ke3 Nd6 47. Kd4 Nb5+ 48. Ke5 a3 49. Ra5 1-0

[Event "World Rapid 2018"]
[Site "St Petersburg RUS"]
[Date "2018.12.26"]
[Round "4.87"]
[White "Oganian, Miran"]
[Black "Gurvich, Vitaly"]
[Result "1-0"]
[WhiteTitle "IM"]
[BlackTitle "FM"]
[WhiteElo "2423"]
[BlackElo "2270"]
[WhiteFideId "4122488"]
[BlackFideId "24164852"]
[EventDate "2018.12.26"]

1. d4 Nf6 2. c4 e6 3. g3 d5 4. Nf3 dxc4 5. Bg2 Bd7 6. Ne5 Bc6 7. Nxc6 Nxc6 8.
O-O Qd7 9. e3 O-O-O 10. Qa4 Nd5 11. Qxc4 h5 12. Nc3 h4 13. Bd2 f5 14. b4 Bxb4
15. Rab1 hxg3 16. hxg3 Ba5 17. Rfc1 g5 18. Nxd5 exd5 19. Qd3 Bb6 20. a4 a5 21.
Rb5 Qf7 22. Qb3 f4 23. Rxd5 Rdf8 24. exf4 Nxd4 25. Qxb6 Ne2+ 26. Kf1 Nxc1 27.
Qa7 c6 28. Bxa5 Qxd5 29. Bxd5 cxd5 30. Qc5+ Kd7 31. Qxd5+ Kc8 32. Qe6+ Kb8 33.
Qe5+ Ka7 34. Kg2 Rc8 35. Bc7 Nb3 36. fxg5 b6 37. Bxb6+ Kxb6 38. Qb5+ Ka7 39.
Qxb3 Rhg8 40. Qf7+ Kb6 41. f4 Rcf8 42. Qe6+ Kc5 43. a5 Re8 44. Qb6+ Kc4 45. Kf3
Rb8 46. Qc6+ Kd4 47. Qd6+ Kc4 48. a6 Ra8 49. Qc6+ Kd3 50. a7 Rgd8 51. Qb7 Kd4
52. g6 Kc5 53. f5 1-0

[Event "World Rapid 2018"]
[Site "St Petersburg RUS"]
[Date "2018.12.26"]
[Round "4.88"]
[White "Makoveev, Ilya"]
[Black "Paravyan, David"]
[Result "1/2-1/2"]
[WhiteTitle "FM"]
[BlackTitle "GM"]
[WhiteElo "2257"]
[BlackElo "2634"]
[WhiteFideId "34155748"]
[BlackFideId "4194985"]
[EventDate "2018.12.26"]

1. e4 c5 2. Nf3 d6 3. d4 cxd4 4. Nxd4 Nf6 5. Nc3 Bd7 6. f3 e5 7. Nb3 Be7 8. Be3
O-O 9. Qd2 a5 10. a4 Na6 11. Bb5 Be6 12. O-O Nc7 13. Rfd1 Nxb5 14. axb5 Nd7 15.
Nd5 Bxd5 16. Qxd5 Qc7 17. c4 Rfc8 18. Nd2 a4 19. Qd3 h6 20. Qc2 Nc5 21. Ra3 Bg5
22. Nf1 Nb3 23. Bxg5 hxg5 24. Ne3 Qc5 25. Rxb3 axb3 26. Qxb3 Ra5 27. Kf1 Rca8
28. Nc2 Ra4 29. Na3 g6 30. Rd5 Qb4 31. Rd3 Kg7 32. Ke2 Qc5 33. Kf1 Qb4 34. Ke2
Kf8 35. Qc2 Ke7 36. Qc1 Rc8 37. Qxg5+ Ke8 38. Qc1 Rc7 39. h3 Kd7 40. Qc2 Ra8 41.
Qc1 b6 42. Qc2 Kc8 43. Qc1 Kb7 44. Qc2 Rd8 45. Qc1 f5 46. b3 fxe4 47. fxe4 Rf8
48. Nc2 Qc5 49. Qe3 Rcf7 50. Qxc5 dxc5 51. Rf3 Rxf3 52. gxf3 Rh8 53. Ne1 Rxh3
54. Nd3 Rh5 55. Nf2 Kc7 56. Ke3 Kd6 57. Kd3 Rh2 58. Nd1 g5 59. Ke3 Ra2 60. Kd3
Rg2 61. Ke3 g4 62. fxg4 Rg3+ 63. Kd2 Rxg4 64. Nc3 Rg2+ 65. Kd3 Rg3+ 66. Kd2 Kc7
67. Nd5+ Kb7 68. Ne3 Rh3 69. Ke2 Rh6 70. Nd5 Rh4 71. Kd3 Rh3+ 72. Ne3 Kc7 73.
Kd2 Kc8 74. Kd3 Kd7 75. Kd2 Rh6 76. Nd5 Kc8 77. Kd3 Kb7 78. Kd2 Rh3 79. Ne3 Kc8
80. Ke2 Kd7 81. Kd2 Ke6 82. Ke2 Kf6 83. Nd5+ Ke6 84. Ne3 Rg3 85. Kd2 Rf3 86. Ke2
Rh3 87. Kd2 Kf7 88. Ke2 Kg6 89. Nd5 Rxb3 90. Nxb6 Kg5 1/2-1/2

[Event "World Rapid 2018"]
[Site "St Petersburg RUS"]
[Date "2018.12.26"]
[Round "4.89"]
[White "Hirneise, Tobias"]
[Black "Kovalenko, Igor"]
[Result "0-1"]
[WhiteTitle "IM"]
[BlackTitle "GM"]
[WhiteElo "2464"]
[BlackElo "2657"]
[WhiteFideId "24600881"]
[BlackFideId "14117908"]
[EventDate "2018.12.26"]

1. e4 d5 2. exd5 Qxd5 3. Nc3 Qa5 4. d4 Nf6 5. Bd2 c6 6. Bc4 Qc7 7. Qe2 Nbd7 8.
O-O-O Nb6 9. Bb3 Bg4 10. f3 Bd7 11. Kb1 h6 12. f4 Bf5 13. Nf3 e6 14. Ne5 h5 15.
g3 O-O-O 16. h3 Nfd5 17. g4 Bh7 18. gxh5 Bf5 19. Ne4 Bxe4 20. Qxe4 Rxh5 21. Ba5
Rf5 22. c4 Rxf4 23. Qe1 Nf6 24. c5 Rfxd4 25. Rxd4 Rxd4 26. cxb6 axb6 27. Bc3 Re4
28. Qg3 Bd6 29. Re1 Kb8 30. Bc2 Rxe1+ 31. Qxe1 Nd5 32. Nc4 Nxc3+ 33. Qxc3 Bf8
34. a4 Ka7 35. Qd4 g6 36. a5 Bc5 37. axb6+ Bxb6 38. Nxb6 Qxb6 39. Qf6 Qc7 40. h4
Qd7 41. Kc1 Kb6 42. Qf2+ Kc7 43. Qf4+ Kd8 44. h5 gxh5 45. Qg5+ Kc7 46. Qxh5 f5
47. Qg5 Qd5 48. Qf6 b5 49. b4 Kd6 50. Qd8+ Ke5 51. Qh8+ Kf4 52. Qh2+ Ke3 53.
Qg1+ Ke2 54. Qh2+ Kf1 55. Qf4+ Ke2 56. Qh2+ Kf1 57. Qf4+ Kg2 58. Qg5+ Kh3 59.
Qh5+ Kg3 60. Qg5+ Kf3 61. Qh5+ Ke3 62. Qg5+ Kf3 63. Qh5+ Ke3 64. Qg5+ Kd4 65.
Kb2 Ke5 66. Qg7+ Kf4 67. Qh6+ Ke5 68. Qg7+ Kd6 69. Qf8+ Kc7 70. Qg7+ Qd7 71. Qf6
Qd6 72. Bb3 Qxb4 73. Qxe6 Qd4+ 74. Ka2 f4 75. Bc2 Qd2 76. Kb1 Qd6 77. Qf7+ Kb6
78. Kc1 c5 79. Qf5 c4 80. Be4 Ka5 81. Kc2 Ka4 82. Qf7 Qe5 83. Bc6 Qe2+ 84. Kc3
Qd3+ 85. Kb2 Qd2+ 86. Kb1 Kb3 0-1

[Event "World Rapid 2018"]
[Site "St Petersburg RUS"]
[Date "2018.12.26"]
[Round "4.90"]
[White "Hakobyan, Aram"]
[Black "Lobanov, Sergei"]
[Result "0-1"]
[WhiteTitle "GM"]
[BlackTitle "IM"]
[WhiteElo "2545"]
[BlackElo "2526"]
[WhiteFideId "13306677"]
[BlackFideId "24183750"]
[EventDate "2018.12.26"]

1. d4 Nf6 2. c4 e6 3. Nf3 b6 4. g3 Ba6 5. Qc2 c5 6. d5 exd5 7. cxd5 Bb7 8. e4
Qe7 9. Bg2 Qxe4+ 10. Qxe4+ Nxe4 11. O-O Bxd5 12. Re1 Be7 13. Nh4 Nf6 14. Nf5 Nc6
15. Nxg7+ Kd8 16. Nf5 Bxg2 17. Kxg2 Nd5 18. Nc3 Nxc3 19. Nxe7 Nxe7 20. bxc3 Rg8
21. c4 d6 22. Bf4 Rg6 23. Rad1 Kd7 24. h4 Rag8 25. Re5 Rf6 26. Bc1 Rf5 27. Re3
Rg6 28. Bb2 Re6 29. Rxe6 fxe6 30. f4 Rf8 31. h5 d5 32. Kf3 d4 33. g4 Nc6 34. Ke4
Na5 35. Rc1 Kd6 36. g5 a6 37. a4 Rb8 38. Ba3 Nb3 39. Rg1 Nd2+ 40. Kd3 Nf3 41.
Rg3 Nh4 42. Ke4 b5 43. cxb5 axb5 44. axb5 Rxb5 45. g6 hxg6 46. hxg6 Nf5 47. Rh3
Rb8 48. Rf3 Ra8 49. Rb3 Kc6 50. Ke5 c4 51. Rh3 d3 52. Bb4 Kb5 53. Bc3 Ra3 54.
Kxe6 Rxc3 55. Rh5 d2 56. Rxf5+ Kb4 57. g7 Rg3 58. Rg5 Re3+ 59. Re5 Rg3 60. Rg5
Re3+ 61. Re5 d1=Q 62. g8=Q Rxe5+ 63. fxe5 c3 64. Qb8+ Ka4 65. Qa7+ Kb3 66. Qb6+
Ka2 67. Ke7 Qd5 68. Qa6+ Kb3 69. Qb6+ Ka2 70. Qa6+ Kb3 71. Qb6+ Kc4 72. Qa6+ Kb4
73. Qd6+ Qc5 74. Kf6 c2 75. Qd2+ Kb3 76. Qc1 Qd4 77. Kf5 Qb2 78. Qe3+ Ka2 79.
Qa7+ Kb1 80. e6 c1=Q 81. e7 Qb5+ 82. Ke6 Qcc4+ 83. Kf6 Qf4+ 0-1

[Event "World Rapid 2018"]
[Site "St Petersburg RUS"]
[Date "2018.12.26"]
[Round "4.92"]
[White "Shubin, Kirill"]
[Black "Vishnu Prasanna, V"]
[Result "1-0"]
[WhiteTitle "FM"]
[BlackTitle "GM"]
[WhiteElo "2334"]
[BlackElo "2518"]
[WhiteFideId "34119962"]
[BlackFideId "5030692"]
[EventDate "2018.12.26"]

1. e4 c5 2. Nf3 d6 3. d4 cxd4 4. Qxd4 Nf6 5. Bb5+ Nbd7 6. O-O a6 7. Ba4 e5 8.
Qe3 b5 9. Bb3 Nc5 10. Rd1 Qc7 11. Nc3 Nxb3 12. cxb3 Bb7 13. Bd2 Be7 14. Rac1 Qb8
15. Qe2 h6 16. b4 O-O 17. Nh4 Bc8 18. h3 Be6 19. Nf5 Bxf5 20. exf5 d5 21. Bf4
exf4 22. Qxe7 Rd8 23. Qe2 Qd6 24. Rd4 Rac8 25. Rcd1 Rc4 26. a3 Re8 27. Qf3 Qe5
28. Rxc4 dxc4 29. Qc6 Qxf5 30. Qxa6 f3 31. Qxb5 Re5 32. Qxc4 fxg2 33. Qd3 Qh5
34. b5 Re6 35. a4 Qh4 36. a5 g5 37. a6 Nh5 38. a7 Re8 39. Nd5 g4 40. Kxg2 gxh3+
41. Qxh3 Qg5+ 42. Kh1 Qe5 43. b6 Qe2 44. Rg1+ Kf8 45. b7 Qe4+ 46. f3 Qxd5 47.
b8=Q 1-0